000 00398nam a2200133Ia 4500
005 20260328101514.0
008 260328s9999||||xx |||||||||||||| ||und||
100 _aVilagut Guitart, Fernando
245 0 _aLa Prefabricación en Alemania :
_b Impresiones de un Viaje a Baviera /
_cFernando Vilagut Guitart
260 _bPalestra
300 _a113 p.
650 _aMATERIALES CONSTRUCTIVOS
942 _cBK
999 _c9295
_d9295